Personnel savings in competitively sourced DoD activities : are they real? will they last? /

Bibliographic Details
Main Author: Gates, Susan M., 1968-
Corporate Authors: United States. Department of Defense. Office of the Secretary of Defense, National Defense Research Institute (U.S.), Rand Corporation
Other Authors: Robbert, Albert A., 1944-
Format: Book
Language:English
Published: Santa Monica, CA : Rand, 2000.
Subjects:

MARC

Tag First Indicator Second Indicator Subfields
LEADER 00000cam a22000008a 4500
001 in00001579080
005 20151022105655.0
008 000327s2000 cau b 000 0 eng
010 |a  00036917  
020 |a 083302826X 
035 |a (OCoLC)ocm43884711 
040 |a DLC  |c DLC  |d SYB  |d TXA  |d UtOrBLW 
042 |a pcc 
043 |a n-us--- 
049 |a TXAM 
050 0 0 |a UB193  |b .G39 2000 
082 0 0 |a 355.6/1/0973  |2 21 
088 |a MR-1117-OSD 
100 1 |a Gates, Susan M.,  |d 1968- 
245 1 0 |a Personnel savings in competitively sourced DoD activities :  |b are they real? will they last? /  |c Susan M. Gates, Albert A. Robbert. 
263 |a 0005 
264 1 |a Santa Monica, CA :  |b Rand,  |c 2000. 
300 |a xxii, 111 pages :  |b illustrations ;  |c 23 cm. 
336 |a text  |b txt  |2 rdacontent 
337 |a unmediated  |b n  |2 rdamedia 
338 |a volume  |b nc  |2 rdacarrier 
500 |a "Prepared for the Office of the Secretary of Defence." 
500 |a " National Defense Research Institute." 
504 |a Includes bibliographical references. 
651 0 |a United States  |x Armed Forces  |x Civilian employeees  |x Salaries, etc. 
650 0 |a Contracting out  |z United States  |x Evaluation. 
651 0 |a United States  |x Armed Forces  |x Personnel management. 
700 1 |a Robbert, Albert A.,  |d 1944- 
710 1 |a United States.  |b Department of Defense.  |b Office of the Secretary of Defense. 
710 2 |a National Defense Research Institute (U.S.) 
710 2 |a Rand Corporation. 
948 |a cataloged  |b h  |c 2001/1/4  |d c  |e pkellar  |f 8:52:48 am 
994 |a E0  |b TXA 
999 |a MARS 
999 f f |s 85f81731-7358-3441-941d-ef306c11cc9e  |i 471f1bf6-5857-3ab0-9980-81c0d6ffaf6f  |t 0 
952 f f |p ric  |a Texas A&M University  |b Rellis Campus  |c Joint Library Facility  |d Remote Storage  |t 0  |e UB193 .G39 2000  |h Library of Congress classification  |i unmediated -- volume  |m A14827012651 
998 f f |a UB193 .G39 2000  |t 0  |l Remote Storage